| 000 | 00403nam a2200121 i 4500 | ||
|---|---|---|---|
| 001 | 26253 | ||
| 003 | ES-MaACL | ||
| 007 | t| | ||
| 008 | 030108s1898 fr ||||1| fre d | ||
| 245 | 0 | 0 |
_aAssociation des dames françaises... _b: compte rendu de la 21me Assemblée générale tenue le 23 novembre 1898 a la Sorbonne et annuaire de 1898. |
| 260 |
_aParis : _b[s.n., _c1898] |
||
| 852 |
_aES-MaACL _jT-917-F-3 |
||
| 999 |
_c26253 _d26253 |
||